Jurisprudence: men and ideas of the law. (Record no. 83316)
[ view plain ]
| 000 -LEADER | |
|---|---|
| fixed length control field | 01060cam3a220030100 4500 |
| 001 - CONTROL NUMBER | |
| control field | qce00156872 |
| 005 - DATE AND TIME OF LATEST TRANSACTION | |
| control field | 20190816094451.0 |
| 008 - FIXED-LENGTH DATA ELEMENTS--GENERAL INFORMATION | |
| fixed length control field | 780614s1953 nyu 000 0 eng u |
| 010 ## - LIBRARY OF CONGRESS CONTROL NUMBER | |
| LC control number | 53011022 |
| 035 ## - SYSTEM CONTROL NUMBER | |
| System control number | (Sirsi) r81545 |
| 035 ## - SYSTEM CONTROL NUMBER | |
| System control number | (QCAT)lss01993148 |
| 035 ## - SYSTEM CONTROL NUMBER | |
| System control number | (UPRA)qce00156872 |
| 040 ## - CATALOGING SOURCE | |
| Modifying agency | UPRA |
| 100 1# - MAIN ENTRY--PERSONAL NAME | |
| Personal name | Patterson, Edwin Wilhite, 1889-1965. |
| Dates associated with a name | Patterson, Edwin Wilhite, 1889-1965. |
| Linkage | A36830.1 |
| 245 10 - TITLE STATEMENT | |
| Title | Jurisprudence: men and ideas of the law. |
| 250 ## - EDITION STATEMENT | |
| Edition statement | 1st printed ed. |
| 260 ## - PUBLICATION, DISTRIBUTION, ETC. | |
| Place of publication, distribution, etc. | Brooklyn : |
| Name of publisher, distributor, etc. | Foundation Press, |
| Date of publication, distribution, etc. | 1953. |
| 440 #0 - SERIES STATEMENT/ADDED ENTRY--TITLE | |
| Title | University textbook series |
| Linkage | S1051.1 |
| 500 ## - GENERAL NOTE | |
| General note | First published in 1940 under title: Lectures on jurisprudence. |
| 500 ## - GENERAL NOTE | |
| General note | First printed edition. |
| 504 ## - BIBLIOGRAPHY, ETC. NOTE | |
| Bibliography, etc. note | Bibliography: p. 601-624. |
| 504 ## - BIBLIOGRAPHY, ETC. NOTE | |
| Bibliography, etc. note | Bibliographical footnotes. |
| 650 #0 - SUBJECT ADDED ENTRY--TOPICAL TERM | |
| Topical term or geographic name entry element | Jurisprudence. |
| Linkage | S3558.1 |
| 949 ## - LOCAL PROCESSING INFORMATION (OCLC) | |
| a | K24 |
| w | lcc |
| i | -112972 |
| m | MAIN |
| t | BOOK |
| l | ON-SHELF |
| 949 ## - LOCAL PROCESSING INFORMATION (OCLC) | |
| a | K24 |
| w | lcc |
| i | 33729001464242 |
| m | MAIN |
| p | 2500 |
| t | BOOK |
| l | ON-SHELF |
| 949 ## - LOCAL PROCESSING INFORMATION (OCLC) | |
| a | K24 |
| w | lcc |
| i | 33729001464309 |
| m | MAIN |
| p | 2500 |
| t | BOOK |
| l | ON-SHELF |
No items available.